000 005240000a22001810004500
041 0 _aSPA
082 0 4 _aG 270.92 C747t
100 1 _aCone, James
245 1 0 _aTeología negra de la liberación / James Cone ; Manuel Mercader, Traductor
260 _aBuenos Aires : Carlos Lohlé
300 _a180 Pág.
500 _aTítulo original : A black theology of liberation
001 14348
942 _cBK
999 _c43225
_d43225
336 _atexto
_btxt
_2rdacontent
337 _2rdamedia
_asin mediación
_bn
338 _2rdacarrier
_avolumen
_bnc